Movies Quiz

Random Movies or Famous Quiz

First and Last Letters: Movies Quiz Stats

Quiz Updated Feb 3, 2016

Challenge
Share
Tweet
Embed
Score 0/20 Timer 06:00
3 Plays Today
Letters Movie % Correct
Te Gd, te Bd ad te UyThe Good, the Bad and the Ugly
96.1%
Te Wd of OzThe Wizard of Oz
92.7%
Sn' in te RnSingin' in the Rain
83.9%
Sr Ws: Ee VI - Rn of te JiStar Wars: Episode VI - Return of the Jedi
83.8%
Kr vs. KrKramer vs. Kramer
81.6%
Oe Fw Or te C's NtOne Flew Over the Cuckoo's Nest
77.1%
Al Qt on te Wn FtAll Quiet on the Western Front
75.9%
My Pn ad te Hy GlMonty Python and the Holy Grail
74.8%
Ps of te Cn: Dd M's CtPirates of the Caribbean: Dead Man's Chest
73.2%
Bh Cy ad te Se KdButch Cassidy and the Sundance Kid
73%
Letters Movie % Correct
Se Le It HtSome Like It Hot
67.3%
Te Lt Kg of SdThe Last King of Scotland
66.3%
Sw We ad te Sn DsSnow White and the Seven Dwarfs
60.9%
Te Cs Ce of Bn BnThe Curious Case of Benjamin Button
57.7%
El Se of te Ss MdEternal Sunshine of the Spotless Mind
45%
Te Se of te LsThe Silence of the Lambs
44.7%
Lk, Sk ad To Sg BsLock, Stock and Two Smoking Barrels
43.4%
Ce Es of te Td KdClose Encounters of the Third Kind
32.4%
Ti DrTaxi Driver
31.4%
Te Sk RnThe Shawshank Redemption
14.1%

You're not logged in!

Compare scores with friends on all Sporcle quizzes.
Join for Free
OR
Log In

You Might Also Like...

Show Comments

Extras

Top Quizzes Today


Score Distribution

Your Account Isn't Verified!

In order to create a playlist on Sporcle, you need to verify the email address you used during registration. Go to your Sporcle Settings to finish the process.

Report this User

Report this user for behavior that violates our Community Guidelines.

Details: